000 00412nam a22001697a 4500
005 20180615103112.0
008 160511b xxu||||| |||| 00| 0 eng d
020 _a81-203-1371-2
041 _aeng
082 _b1291
_a657.42
100 _aWilliam son Duncan
_9458
245 _aCorporate Accounting
260 _aNew Delhi
_bPrentice hall of India,
300 _a769
650 _aManagement
_9241
942 _cBK
999 _c559
_d559